[Event "Good_Move_Good_Mood #01"]
[Site "SchemingMind.com"]
[Date "2016.01.26"]
[Round "-"]
[White "Scooter"]
[Black "Michal Drus"]
[Result "1-0"]
[WhiteCountry "USA"]
[BlackCountry "POL"]
[WhiteElo "1677"]
[WhiteRD "48"]
[BlackElo "1444"]
[BlackRD "81"]
[GameID "394595"]

1. d4 d5 2. Nf3 Nf6 3. Bf4 Bf5 4. e3 Ne4 5. Nbd2 Nxd2 6. Qxd2 e6 7. Bd3 Bxd3 8. Qxd3 Bd6 9. Bxd6 Qxd6 10. c3 O-O
11. O-O Nd7 12. e4 c5 13. exd5 exd5 14. Rfe1 Nf6 15. dxc5 Ne4 16. cxd6
1-0

[Event "Good_Move_Good_Mood #01"]
[Site "SchemingMind.com"]
[Date "2016.01.26"]
[Round "-"]
[White "Michal Drus"]
[Black "Scooter"]
[Result "0-1"]
[WhiteCountry "POL"]
[BlackCountry "USA"]
[WhiteElo "1444"]
[WhiteRD "81"]
[BlackElo "1677"]
[BlackRD "48"]
[GameID "394596"]

1. e4 c6 2. Nf3 d5 3. Nc3 dxe4 4. Nxe4 Bf5 5. d3 Bxe4 6. dxe4 Qxd1+ 7. Kxd1 Nf6 8. Bg5 Nbd7 9. Bd3 e6 10. e5 Nd5
11. c4 Nb4 12. Kd2 Nxd3 13. Kxd3 Be7 14. a3 Bxg5 15. Nxg5 Nxe5+ 16. Kd4 Ng6 17. g3 O-O 18. h4 Rfd8+ 19. Ke3 Ne5 20. Rad1 Nxc4+
21. Ke4 Nxb2 22. Rb1 Rd2 23. Ke3 Nc4+ 24. Kf4 Rxf2+ 25. Kg4 h6 26. Ne4 Ne5+ 27. Kh5 Rf5+ 28. Ng5 hxg5 29. g4 g6+ 30. Kh6 Nxg4#
0-1

[Event "Good_Move_Good_Mood #01"]
[Site "SchemingMind.com"]
[Date "2016.02.01"]
[Round "-"]
[White "Phillip Beckett"]
[Black "Scooter"]
[Result "0-1"]
[WhiteCountry "ENG"]
[BlackCountry "USA"]
[WhiteElo "1570"]
[WhiteRD "50"]
[BlackElo "1677"]
[BlackRD "48"]
[GameID "394828"]

1. e4 c6 2. d4 d5 3. Nd2 dxe4 4. Nxe4 Bf5 5. Ng3 Bg6 6. Nf3 Nd7 7. c3 h6 8. Bd3 Bxd3 9. Qxd3 Qc7 10. Be3 O-O-O
11. O-O-O Ngf6 12. Qd2 e6 13. Bf4 Bd6 14. Bxd6 Qxd6 15. Qe2 Rhe8 16. Rhe1 Qc7 17. Ne5 Nxe5 18. Qxe5 Qxe5 19. dxe5 Ng4 20. Ne4 Kc7
21. h3 Rxd1+ 22. Rxd1 Nxe5 23. f4 Nc4 24. Nd2 Nxd2 25. Rxd2 Rd8 26. Rf2 f5 27. Re2 Rd6 28. Kc2 c5 29. g4 c4 30. gxf5 exf5
31. Re7+ Rd7 32. Re5 g6 33. Re6 Rd6 34. Re7+ Kc6 35. Rh7 h5 36. Re7 a5 37. Re8 Kd7 38. Ra8 b6 39. Ra7+ Ke6 40. Rg7 Kd5
41. Re7 Re6 42. Rxe6 Kxe6 43. Kd2 Kd5 44. Ke3 h4 45. Kf3 b5 46. Ke3 Ke6 47. Kd4 Kf6 48. Kc5 g5 49. fxg5+ Kxg5 50. Kxb5 f4
51. Kxc4 f3 52. Kd3 Kf4 53. c4 Kg3 54. c5 f2 55. c6 f1=Q+ 56. Kd2 Qg2+
0-1

[Event "Good_Move_Good_Mood #01"]
[Site "SchemingMind.com"]
[Date "2016.02.01"]
[Round "-"]
[White "Scooter"]
[Black "Phillip Beckett"]
[Result "1-0"]
[WhiteCountry "USA"]
[BlackCountry "ENG"]
[WhiteElo "1677"]
[WhiteRD "48"]
[BlackElo "1570"]
[BlackRD "50"]
[GameID "394829"]

1. d4 d5 2. Nf3 Nf6 3. Bf4 e6 4. e3 c5 5. Bb5+ Bd7 6. Bxd7+ Nbxd7 7. c3 Qb6 8. Qb3 c4 9. Qxb6 Nxb6 10. O-O Na4
11. b3 cxb3 12. axb3 Nb6 13. Bc7 Nc8 14. Nbd2 Bd6 15. Bxd6 Nxd6 16. c4 dxc4 17. bxc4 a6 18. Rab1 O-O 19. c5 Nb5 20. Ne5 Rfd8
21. Ndc4 Nd7 22. Nxd7 Rxd7 23. Nb6 Rad8 24. Nxd7 Rxd7 25. Rfc1 Rc7 26. Rb3 Kf8 27. g3 Nd6 28. Rb6 Nc8 29. Rbb1 b5 30. Ra1 Rc6
31. Ra5 Ke7 32. Rca1
1-0

[Event "Good_Move_Good_Mood #01"]
[Site "SchemingMind.com"]
[Date "2016.01.31"]
[Round "-"]
[White "Phillip Beckett"]
[Black "Michal Drus"]
[Result "1-0"]
[WhiteCountry "ENG"]
[BlackCountry "POL"]
[WhiteElo "1570"]
[WhiteRD "50"]
[BlackElo "1444"]
[BlackRD "81"]
[GameID "394830"]

1. e4 c5 2. Nf3 d6 3. d4 cxd4 4. Nxd4 Nf6 5. Nc3 a6 6. Bg5 Nc6 7. f4 Bg4 8. Nf3 e5 9. fxe5 Nxe5 10. Be2 Nxf3+
11. Bxf3 Bxf3 12. Qxf3 Be7 13. O-O O-O 14. Rad1 h6 15. Bxf6 Bxf6 16. e5 Bxe5 17. Rfe1 Qh4 18. g3 Bd4+ 19. Kg2 Qf6 20. Qxf6 Bxf6
21. Rxd6 Bxc3 22. bxc3 b5 23. Re7 Rac8 24. Rxa6 Rxc3 25. Re2 Rfc8 26. a4 b4 27. Rb6 Rxc2 28. Rxc2 Rxc2+ 29. Kh3 Rc4 30. a5 h5
31. a6 b3 32. Rxb3 Ra4 33. Rb6 Kf8 34. Rb8+ Ke7 35. Rb7+ Kd8 36. a7
1-0

[Event "Good_Move_Good_Mood #01"]
[Site "SchemingMind.com"]
[Date "2016.02.01"]
[Round "-"]
[White "nikephoros"]
[Black "Phillip Beckett"]
[Result "0-1"]
[WhiteCountry "IND"]
[BlackCountry "ENG"]
[WhiteElo "1326"]
[WhiteRD "82"]
[BlackElo "1577"]
[BlackRD "47"]
[GameID "394862"]

1. e4 e5 2. Nf3 Nc6 3. Bc4 Nf6 4. d4 exd4 5. O-O Bc5 6. e5 d5 7. exf6 dxc4 8. Re1+ Be6 9. Ng5 Qd5 10. Nc3 Qf5
0-1

[Event "Good_Move_Good_Mood #01"]
[Site "SchemingMind.com"]
[Date "2016.02.02"]
[Round "-"]
[White "Scooter"]
[Black "nikephoros"]
[Result "1-0"]
[WhiteCountry "USA"]
[BlackCountry "IND"]
[WhiteElo "1712"]
[WhiteRD "48"]
[BlackElo "1326"]
[BlackRD "82"]
[GameID "394863"]

1. d4 Nf6 2. Bf4 e6 3. Nf3 d5 4. e3 Nbd7 5. Be2 c5 6. Bb5 a6 7. Bxd7+ Bxd7 8. c3 c4 9. O-O Be7 10. Nbd2 O-O
11. h3 b5 12. Re1 b4 13. Ne5 a5 14. Bg5
1-0

[Event "Good_Move_Good_Mood #01"]
[Site "SchemingMind.com"]
[Date "2016.02.01"]
[Round "-"]
[White "nikephoros"]
[Black "Scooter"]
[Result "0-1"]
[WhiteCountry "IND"]
[BlackCountry "USA"]
[WhiteElo "1326"]
[WhiteRD "82"]
[BlackElo "1712"]
[BlackRD "48"]
[GameID "394864"]

1. e4 c6 2. Nc3 d5 3. Nf3 dxe4 4. Nxe4 Bf5 5. Ng3 Bg6 6. h4 h6 7. Ne5 Bh7 8. Qh5 g6 9. Bc4 e6 10. Qe2 Qe7
11. d4 Nd7
0-1

[Event "Good_Move_Good_Mood #01"]
[Site "SchemingMind.com"]
[Date "2016.02.05"]
[Round "-"]
[White "Phillip Beckett"]
[Black "kenneth m day"]
[Result "0-1"]
[WhiteCountry "ENG"]
[BlackCountry "USA"]
[WhiteElo "1570"]
[WhiteRD "50"]
[BlackElo "1702"]
[BlackRD "51"]
[GameID "395034"]

1. e4 e5 2. Nf3 Nc6 3. Bb5 a6 4. Bxc6 dxc6 5. d4 exd4 6. Qxd4 Qxd4 7. Nxd4 Bc5 8. Nb3 Bd6 9. Be3 Nf6 10. f3 Be6
11. N1d2 O-O-O 12. O-O-O Rhe8 13. g3 Nd7 14. Rhe1 Ne5 15. f4 Nd7 16. e5 Bb4 17. c3 Bf8 18. Kc2 Bf5+ 19. Kc1 Bg4 20. Ne4 Bxd1
21. Rxd1 Nb6 22. Rxd8+ Rxd8 23. Nbc5 Nc4 24. Bd2 Bxc5
0-1

[Event "Good_Move_Good_Mood #01"]
[Site "SchemingMind.com"]
[Date "2016.02.05"]
[Round "-"]
[White "kenneth m day"]
[Black "Phillip Beckett"]
[Result "1-0"]
[WhiteCountry "USA"]
[BlackCountry "ENG"]
[WhiteElo "1702"]
[WhiteRD "51"]
[BlackElo "1570"]
[BlackRD "50"]
[GameID "395035"]

1. e4 e5 2. Nf3 Nc6 3. c3 Nf6 4. d4 exd4 5. e5 Ne4 6. cxd4 d5 7. Nc3 Bb4 8. Bd2 Nxd2 9. Qxd2 O-O 10. Be2 Bg4
11. O-O Qe7 12. Qd3 Bxc3 13. bxc3 f6 14. Rfe1 fxe5 15. dxe5 Rad8 16. Qe3 Rde8 17. Rad1 Rf5 18. h3 Bxf3 19. Bxf3 Rxe5 20. Bxd5+ Kh8
21. Bxc6 Rxe3 22. Rxe3
1-0

[Event "Good_Move_Good_Mood #01"]
[Site "SchemingMind.com"]
[Date "2016.02.05"]
[Round "-"]
[White "Scooter"]
[Black "kenneth m day"]
[Result "0-1"]
[WhiteCountry "USA"]
[BlackCountry "USA"]
[WhiteElo "1710"]
[WhiteRD "48"]
[BlackElo "1674"]
[BlackRD "52"]
[GameID "395036"]

1. d4 d5 2. Nf3 Bf5 3. Bf4 Nf6 4. e3 Nc6 5. Bb5 Bd7 6. O-O e6 7. h3 a6 8. Bxc6 Bxc6 9. Nbd2 Bd6 10. Bxd6 Qxd6
11. c4 O-O 12. c5 Qe7 13. Ne5 Bb5 14. Re1 Nd7 15. Ndf3 f6 16. Nxd7 Qxd7 17. b3 b6 18. b4 bxc5 19. bxc5 Rab8 20. a4 Bc4
21. Qc2 Bb3 22. Qe2 Qc6 23. Nd2 Bxa4 24. Reb1 Bb5 25. Qg4 Qd7 26. Ra2 Ra8 27. Qd1 Rfb8 28. Rba1 Rb7 29. Rc1 Qc6 30. Nb3 Bc4
31. Na5 Qb5 32. Rb1 Qxb1
0-1

[Event "Good_Move_Good_Mood #01"]
[Site "SchemingMind.com"]
[Date "2016.02.04"]
[Round "-"]
[White "kenneth m day"]
[Black "Scooter"]
[Result "0-1"]
[WhiteCountry "USA"]
[BlackCountry "USA"]
[WhiteElo "1699"]
[WhiteRD "51"]
[BlackElo "1731"]
[BlackRD "47"]
[GameID "395037"]

1. e4 c6 2. c4 d5 3. cxd5 cxd5 4. exd5 Qxd5 5. Nc3 Qd8 6. d4 Nf6 7. Bc4 a6 8. Bg5 e6 9. Nf3 Be7 10. O-O b5
11. Bb3 O-O 12. Qd3 Bb7 13. Rfe1 Nbd7 14. Rac1 Nd5 15. Bc2 g6 16. Bh6 Re8 17. Ne5 Nxe5 18. dxe5 Bg5 19. Bxg5 Qxg5 20. Ne4 Qe7
21. Nd6 Nb4 22. Qb3 Nxc2 23. Rxc2 Bd5 24. Qa3 Qg5 25. Qg3 Qxg3 26. hxg3 Re7 27. b3 Rd7 28. f4 Raa7 29. Kf2 Rac7 30. Rec1 Rxc2+
31. Rxc2 f6 32. Nc8 fxe5 33. Nb6 Rf7 34. Rd2 exf4 35. Nxd5 fxg3+ 36. Kxg3 exd5 37. Rxd5 Kg7 38. Rd6 Rf6 39. Rd7+ Kh6 40. a4 bxa4
41. bxa4 Rb6 42. Rd4 a5 43. Kg4 Rb4 44. Rf4 Rxf4+ 45. Kxf4 g5+ 46. Kg4 Kg6 47. g3 h5+ 48. Kf3 Kf5 49. Ke3 h4 50. Kf3 g4+
51. Kf2 h3 52. Kg1 Ke4
0-1

[Event "Good_Move_Good_Mood #01"]
[Site "SchemingMind.com"]
[Date "2016.02.04"]
[Round "-"]
[White "kenneth m day"]
[Black "Michal Drus"]
[Result "1-0"]
[WhiteCountry "USA"]
[BlackCountry "POL"]
[WhiteElo "1702"]
[WhiteRD "51"]
[BlackElo "1444"]
[BlackRD "81"]
[GameID "395038"]

1. e4 c5 2. d4 d5 3. dxc5 Nf6 4. exd5 Nxd5 5. Bc4 e6 6. Qe2 Bxc5 7. Nf3 Qa5+ 8. Bd2 Bb4 9. O-O Bxd2 10. Nbxd2 Nf4
11. Qe3 Nd5 12. Qe4 O-O 13. Ng5 Nf6 14. Qf4 Nd5 15. Qd4 Nc6 16. Qd3 Ne5 17. Qxh7#
1-0

[Event "Good_Move_Good_Mood #01"]
[Site "SchemingMind.com"]
[Date "2016.02.05"]
[Round "-"]
[White "Michal Drus"]
[Black "kenneth m day"]
[Result "1-0"]
[WhiteCountry "POL"]
[BlackCountry "USA"]
[WhiteElo "1476"]
[WhiteRD "70"]
[BlackElo "1674"]
[BlackRD "52"]
[GameID "395039"]

1. e4 e5 2. Nf3 Nc6 3. d4 exd4 4. Nxd4 Bc5 5. Nxc6 bxc6 6. Bc4 Nf6 7. e5 Qe7 8. Qe2 Nd5 9. Bxd5 cxd5 10. Be3 O-O
11. Nc3 Bb4 12. O-O-O c6 13. Qd3 Qxe5 14. Bd4 Qg5+ 15. Kb1 d6 16. h4 Qg4 17. Rh3 Qh5 18. Bxg7 Kxg7 19. Qd4+ Qe5 20. Rg3+ Kh8
21. Qxb4 Be6 22. Rdd3 Qe1+ 23. Rd1 Qxf2 24. Qxd6 c5 25. Qe5+ f6 26. Qe3 Qxe3 27. Rxe3 Bf7 28. Nxd5 Rad8 29. Red3 Bg6 30. Ra3 Be4
31. Ra5 Rxd5 32. Rxd5 Bxd5 33. g4 Bf3 34. Ra4 Rg8 35. Rxa7 Bxg4 36. a3 Be6 37. Rc7 Rc8 38. Re7 Rc6 39. h5 Bg4 40. h6 f5
41. Re8#
1-0

[Event "Good_Move_Good_Mood #01"]
[Site "SchemingMind.com"]
[Date "2016.02.11"]
[Round "-"]
[White "David Hartley"]
[Black "Phillip Beckett"]
[Result "1-0"]
[WhiteCountry "ENG"]
[BlackCountry "ENG"]
[WhiteElo "1785"]
[WhiteRD "72"]
[BlackElo "1549"]
[BlackRD "49"]
[GameID "395091"]

1. e4 e5 2. f4 Qh4+ 3. g3 Qe7 4. fxe5 d6 5. Nc3 dxe5 6. d3 c6 7. Nf3 Bg4 8. Be3 Nf6 9. Be2 Nbd7 10. h3 Qb4
11. Qc1 Be6 12. Ng5 h6 13. Nxe6 fxe6 14. a3 Qd6 15. Qd2 Be7 16. g4 O-O 17. g5 hxg5 18. Bxg5 Nh7 19. Be3 Bh4+ 20. Kd1 Qe7
21. Bg4 Bg5 22. Bxe6+ Kh8 23. Bf5 Bxe3 24. Qxe3 Ndf6 25. Kd2 Rad8 26. Rag1 b6 27. h4 b5 28. h5 a5 29. h6 gxh6 30. Rxh6 Rf7
31. Ne2 b4 32. axb4 Qxb4+ 33. Kc1 Rb8 34. b3 a4 35. Bxh7 Nxh7 36. Qg5 axb3 37. Qxe5+
1-0

[Event "Good_Move_Good_Mood #01"]
[Site "SchemingMind.com"]
[Date "2016.02.11"]
[Round "-"]
[White "Phillip Beckett"]
[Black "David Hartley"]
[Result "0-1"]
[WhiteCountry "ENG"]
[BlackCountry "ENG"]
[WhiteElo "1549"]
[WhiteRD "49"]
[BlackElo "1785"]
[BlackRD "72"]
[GameID "395092"]

1. d4 d5 2. e3 Nf6 3. Bd3 e6 4. Nd2 b6 5. f4 Bb7 6. Ngf3 Bd6 7. O-O O-O 8. Ne5 Nc6 9. c3 Ne7 10. Qe2 Nc6
11. e4 dxe4 12. Nxe4 Nxe4 13. Bxe4 Bxe5 14. fxe5 f5 15. exf6 Rxf6 16. Rxf6 Qxf6 17. Be3 Rb8 18. Rf1 Qe7 19. Qf3 Rf8 20. Qxf8+ Qxf8
21. Rxf8+ Kxf8 22. a4 g6 23. b4 Nd8 24. Bd3 a6 25. Kf2 Ke7 26. h4 Nf7 27. g4 Kf6 28. b5 axb5 29. axb5 e5 30. g5+ Kg7
31. Bc4 exd4 32. Bxd4+ Kf8 33. Kg3 Nd6 34. Bd3 Be4 35. Be2 Nf5+ 36. Kh3 Nxd4 37. cxd4 Ke7 38. h5 Kd6 39. hxg6 hxg6 40. Kg4 Kd5
41. Kf4 Kxd4 42. Bd1 Bd3 43. Ba4 Kc4 44. Ke5 Kb4 45. Bd1 Kxb5 46. Kf6 c5 47. Bg4 c4 48. Be6 c3
0-1

[Event "Good_Move_Good_Mood #01"]
[Site "SchemingMind.com"]
[Date "2016.02.11"]
[Round "-"]
[White "David Hartley"]
[Black "Scooter"]
[Result "0-1"]
[WhiteCountry "ENG"]
[BlackCountry "USA"]
[WhiteElo "1750"]
[WhiteRD "71"]
[BlackElo "1712"]
[BlackRD "48"]
[GameID "395093"]

1. e4 c6 2. d4 d5 3. exd5 cxd5 4. c4 Nf6 5. Nc3 e6 6. Nf3 Bb4 7. Bd2 Bxc3 8. Bxc3 O-O 9. Bd3 a6 10. O-O dxc4
11. Bxc4 b5 12. Be2 Bb7 13. Rc1 Nbd7 14. Qd3 Nd5 15. Bd2 N7f6 16. Qb1 Rc8 17. Bd3 Qd6 18. Rxc8 Rxc8 19. h3 Nf4 20. Ne1 Nxd3
21. Qxd3 Qd5 22. f4 Qxa2 23. b3 Bd5 24. b4 Bc4 25. Qc3 Ne4 26. Qc1 Qxd2 27. Qxd2 Nxd2 28. Rf2 Nb3
0-1

[Event "Good_Move_Good_Mood #01"]
[Site "SchemingMind.com"]
[Date "2016.02.11"]
[Round "-"]
[White "Scooter"]
[Black "David Hartley"]
[Result "0-1"]
[WhiteCountry "USA"]
[BlackCountry "ENG"]
[WhiteElo "1712"]
[WhiteRD "48"]
[BlackElo "1750"]
[BlackRD "71"]
[GameID "395094"]

1. d4 d5 2. Nf3 c5 3. Bf4 e6 4. c3 Nc6 5. e3 Nf6 6. Bb5 Bd7 7. O-O Be7 8. Nbd2 O-O 9. Bxc6 Bxc6 10. h3 Nd7
11. Ne5 Nxe5 12. Bxe5 Bd6 13. Bxd6 Qxd6 14. Re1 cxd4 15. cxd4 Rac8 16. a3 Rc7 17. Rc1 Rfc8 18. b4 Qd7 19. Rc5 b6 20. Rc3 Ba4
21. Rxc7 Rxc7 22. Qb1 Rc2 23. Nb3 Qc6 24. Rc1 Bxb3 25. Re1 Ba4 26. g3 Qc4 27. Kg2 g6
0-1

[Event "Good_Move_Good_Mood #01"]
[Site "SchemingMind.com"]
[Date "2016.02.11"]
[Round "-"]
[White "kenneth m day"]
[Black "David Hartley"]
[Result "0-1"]
[WhiteCountry "USA"]
[BlackCountry "ENG"]
[WhiteElo "1699"]
[WhiteRD "51"]
[BlackElo "1790"]
[BlackRD "70"]
[GameID "395096"]

1. e4 e5 2. f4 exf4 3. Nf3 h6 4. d4 g5 5. Nc3 Bg7 6. g3 fxg3 7. hxg3 d6 8. Be3 Nc6 9. Qd2 Bg4 10. Be2 Nf6
11. O-O-O Nd7 12. Nd5 Nf6 13. Nxf6+ Qxf6 14. Rdf1 Qe7 15. e5 O-O-O 16. Qc3 dxe5 17. dxe5 a6 18. Bc5 Qe8 19. Qc4 Nxe5 20. Qb3 Nxf3
21. Bxf3 Bxf3 22. Rxf3 Qc6 23. Qe3 g4 24. Rff1 Rhe8 25. Qf2 Rd7 26. Qf5 Qe6 27. Ba3 Qxa2 28. Qxd7+ Kxd7 29. Rxf7+ Qxf7
0-1

[Event "Good_Move_Good_Mood #01"]
[Site "SchemingMind.com"]
[Date "2016.02.11"]
[Round "-"]
[White "David Hartley"]
[Black "Michal Drus"]
[Result "1-0"]
[WhiteCountry "ENG"]
[BlackCountry "POL"]
[WhiteElo "1785"]
[WhiteRD "72"]
[BlackElo "1476"]
[BlackRD "70"]
[GameID "395097"]

1. e4 d6 2. d4 c5 3. dxc5 Qa5+ 4. Nc3 Qxc5 5. Be3 Qc7 6. Nf3 Bg4 7. Be2 Nf6 8. O-O e5 9. Ng5 h5 10. Nd5 Nxd5
11. Bc1 Be7 12. exd5 Bxg5 13. Bxg5 f6 14. Be3 Bxe2 15. Qxe2 Nd7 16. b3 f5 17. c4 f4 18. Bxf4 O-O 19. Bd2 a5 20. Qxh5 Nf6
21. Qh4 Kf7 22. Rae1 Rh8 23. Qg3 Qd7 24. Bc3 Rh7 25. f4 Rah8 26. fxe5 Rxh2 27. e6+ Kg8 28. exd7 Rh1+ 29. Kf2 Nh5 30. d8=Q+ Kh7
31. Qd3+
1-0

[Event "Good_Move_Good_Mood #01"]
[Site "SchemingMind.com"]
[Date "2016.02.06"]
[Round "-"]
[White "Michal Drus"]
[Black "David Hartley"]
[Result "0-1"]
[WhiteCountry "POL"]
[BlackCountry "ENG"]
[WhiteElo "1469"]
[WhiteRD "70"]
[BlackElo "1750"]
[BlackRD "71"]
[GameID "395098"]

1. e4 d5 2. exd5 Nf6 3. Bc4 Nxd5 4. Bxd5 Qxd5 5. Nc3 Qxg2 6. Qf3 Qg6 7. d3 e5 8. Nd5 Bd6 9. Ne2 Bg4 10. Nef4 Bxf3
11. Nxg6 Bxh1 12. Nxh8 Bxd5 13. Be3 Nc6 14. Ke2 O-O-O 15. Nxf7 Bxf7 16. Rg1 g6 17. Bg5 Re8 18. b3 Nb4
0-1

[Event "Good_Move_Good_Mood #01"]
[Site "SchemingMind.com"]
[Date "2016.02.12"]
[Round "-"]
[White "David Hartley"]
[Black "Holty"]
[Result "1/2-1/2"]
[WhiteCountry "ENG"]
[BlackCountry "ENG"]
[WhiteElo "1750"]
[WhiteRD "71"]
[BlackElo "1806"]
[BlackRD "60"]
[GameID "395117"]

1. e4 e6 2. d4 d5 3. e5 c5 4. c3 Nc6 5. f4 Qb6 6. Nf3 Bd7 7. b3 Nh6 8. Bb2 Rc8 9. Be2 Nf5 10. Na3 a6
11. Nc2 cxd4 12. cxd4 Nb4 13. Nxb4 Bxb4+ 14. Kf2 O-O 15. Rc1 Rxc1 16. Qxc1 Rc8 17. Qb1 h6 18. Rc1 Bc6 19. Qd3 Rb8 20. Qd1 Qa7
21. Qf1 Rc8 22. Qg1 Ba5 23. Kf1 b5 24. Qf2 Bb6 25. Rd1 Bb7 26. Bd3 Bc6 27. Kg1 Bd8 28. Bb1 Bd7 29. Kh1 a5 30. a3 Qb7=
1/2-1/2

[Event "Good_Move_Good_Mood #01"]
[Site "SchemingMind.com"]
[Date "2016.02.12"]
[Round "-"]
[White "Holty"]
[Black "David Hartley"]
[Result "1/2-1/2"]
[WhiteCountry "ENG"]
[BlackCountry "ENG"]
[WhiteElo "1775"]
[WhiteRD "61"]
[BlackElo "1785"]
[BlackRD "72"]
[GameID "395118"]

1. d4 d5 2. Nf3 c5 3. e3 e6 4. b3 Nf6 5. Bd3 Nc6 6. O-O Bd6 7. Bb2 O-O 8. Nbd2 b6 9. Ne5 Bb7 10. a3 Qc7
11. f4 Nd7 12. Qh5 f5 13. Ndf3 cxd4 14. exd4 Ncxe5 15. fxe5 Be7 16. Ng5 Bxg5 17. Qxg5 Qd8 18. Qd2 a5 19. Bb5 Nb8 20. Rac1 Ba6
21. Bxa6 Rxa6 22. a4 Nc6 23. Ba3 Rf7 24. Bd6 Ra8 25. c3 Na7 26. c4 Nc8 27. Ba3 Rc7 28. cxd5 Rxc1 29. Rxc1 Qxd5 30. Qc3 Na7
31. Qc4 Rc8 32. Qxd5 Rxc1+ 33. Bxc1 exd5 34. Kf2 Nc6 35. Bb2 Kf7 36. h4 Ke6 37. Kf3 g6 38. Ke3 Nb8 39. Kf4 h6 40. g4 fxg4
41. Kxg4 Nc6 42. Bc3 Kf7 43. Kf4 Ke6 44. Kg4 Kf7 45. Kf4=
1/2-1/2

[Event "Good_Move_Good_Mood #01"]
[Site "SchemingMind.com"]
[Date "2016.02.12"]
[Round "-"]
[White "Phillip Beckett"]
[Black "Holty"]
[Result "0-1"]
[WhiteCountry "ENG"]
[BlackCountry "ENG"]
[WhiteElo "1577"]
[WhiteRD "47"]
[BlackElo "1806"]
[BlackRD "60"]
[GameID "395119"]

1. e4 e6 2. d4 d5 3. Nd2 Nf6 4. e5 Nfd7 5. f4 c5 6. c3 Nc6 7. Ndf3 Qb6 8. Ne2 f6 9. g3 cxd4 10. cxd4 Bb4+
11. Bd2 fxe5 12. fxe5 Be7 13. Bc3 O-O 14. Bg2 a5 15. O-O a4 16. Kh1 Nd8 17. Nd2 Nf7 18. Nf4 Nb8 19. Qg4 Nh6 20. Qh3 Bg5
21. Nf3 Bxf4 22. gxf4 Nf5 23. Ng5 h6 24. Nf3 Qd8 25. Rg1 b6 26. Nd2 Qh4 27. Qxh4 Nxh4 28. Raf1 Nc6 29. Bh3 Ra7 30. Rg4 Nf5
31. Rfg1 Raf7 32. Rg6 Nce7 33. Bxf5 Nxf5 34. Bb4 Re8 35. Bc3 Ba6 36. Nf1 Be2 37. h3 Kh7 38. Nd2 Nh4 39. R6g3 Rg8 40. Nf1 Rxf4
41. Ne3 Rf2 42. Ng4 Bf3+ 43. R3g2 Rxg2 44. Rxg2 Bxg2+
0-1

[Event "Good_Move_Good_Mood #01"]
[Site "SchemingMind.com"]
[Date "2016.02.12"]
[Round "-"]
[White "Holty"]
[Black "Phillip Beckett"]
[Result "1/2-1/2"]
[WhiteCountry "ENG"]
[BlackCountry "ENG"]
[WhiteElo "1806"]
[WhiteRD "60"]
[BlackElo "1577"]
[BlackRD "47"]
[GameID "395120"]

1. d4 d5 2. e3 e6 3. Bd3 c5 4. f4 Nc6 5. c3 Bd6 6. Nf3 Nf6 7. Nbd2 cxd4 8. cxd4 Bd7 9. a3 O-O 10. Ne5 a6
11. O-O Ne7 12. g4 Bb5 13. Bxb5 axb5 14. g5 Ne4 15. Nxe4 dxe4 16. Qc2 Bxe5 17. dxe5 Qd5 18. Rd1 Qc6 19. Qxc6 Nxc6 20. b4 Rfd8
21. Bb2 Rxd1+ 22. Rxd1 Rd8 23. Rxd8+ Nxd8 24. Bd4 Nc6 25. Kf2 Kf8 26. Bc5+ Ke8 27. h4 Kd7 28. Kg3 Nb8 29. Bd6 Nc6 30. Bc5 Kc7
31. Bd6+ Kb6=
1/2-1/2

[Event "Good_Move_Good_Mood #01"]
[Site "SchemingMind.com"]
[Date "2016.02.12"]
[Round "-"]
[White "Scooter"]
[Black "Holty"]
[Result "0-1"]
[WhiteCountry "USA"]
[BlackCountry "ENG"]
[WhiteElo "1712"]
[WhiteRD "48"]
[BlackElo "1806"]
[BlackRD "60"]
[GameID "395121"]

1. d4 d5 2. Nf3 Nf6 3. Bf4 Bg4 4. e3 e6 5. Be2 Nbd7 6. O-O c6 7. Nbd2 Be7 8. h3 Bh5 9. Ne5 Bxe2 10. Qxe2 O-O
11. Nxd7 Qxd7 12. c4 Rac8 13. cxd5 cxd5 14. Rfc1 Rxc1+ 15. Rxc1 Rc8 16. Rxc8+ Qxc8 17. Nb3 b6 18. Bg5 Qc7 19. Qd1 a5 20. Qc1 Bd8
21. Qxc7 Bxc7 22. Bxf6 gxf6 23. a4 Bd6 24. Nc1 f5 25. Ne2 Bb4 26. Nc3 Bxc3 27. bxc3 h5 28. Kf1 Kf8 29. Ke1 Ke7 30. f4 Kd6
31. Kd2 Kc6 32. Kc2 f6 33. Kb3 b5 34. axb5+ Kxb5 35. g3 a4+ 36. Kb2 Kc4 37. Kc2 a3
0-1

[Event "Good_Move_Good_Mood #01"]
[Site "SchemingMind.com"]
[Date "2016.02.12"]
[Round "-"]
[White "Holty"]
[Black "Scooter"]
[Result "1/2-1/2"]
[WhiteCountry "ENG"]
[BlackCountry "USA"]
[WhiteElo "1806"]
[WhiteRD "60"]
[BlackElo "1712"]
[BlackRD "48"]
[GameID "395122"]

1. d4 Nf6 2. e3 g6 3. Nf3 Bg7 4. b3 O-O 5. Bb2 d5 6. Nbd2 Bg4 7. Bd3 Nbd7 8. h3 Bxf3 9. Qxf3 e6 10. O-O e5
11. dxe5 Ne8 12. Qxd5 c6 13. Qe4 Nc7 14. f4 Re8 15. Nc4 Nc5 16. Qd4 Nxd3 17. Qxd3 Qxd3 18. cxd3 Red8 19. Rad1 Nd5 20. Rfe1 Nb4
21. Nd6 Nxa2 22. Nxb7 Rdb8 23. Na5 c5 24. Ra1 Nb4 25. Red1 Nc2 26. Rac1 Nxe3 27. Re1 Nd5 28. g3 Nb4 29. Rc3 Rd8 30. Rd1 Rd4
31. Rxc5 Rxd3 32. Rxd3 Nxd3 33. Rc2 Nxb2 34. Rxb2 Rb8 35. Kf2 Rb5 36. Nc6 Bf8 37. Kf3 a5 38. Ke4 a4 39. Nd4 Rb4 40. Kd3 Bc5
41. Nc2 Rxb3+ 42. Rxb3 axb3 43. Ne1 Bf2 44. Ng2 Bxg3 45. Kc3 Kf8 46. Kxb3 Ke7 47. Kc3 Ke6 48. Kd3 Kf5 49. Ke3 h5 50. Kf3 h4
51. Ne3+ Ke6 52. Kg4 Bf2 53. Ng2 Bg3 54. Nxh4 Bxh4 55. Kxh4 Kf5 56. Kg3 g5 57. fxg5 Kxg5 58. h4+ Kf5 59. h5 Kg5 60. h6 Kxh6
61. Kh4 Kg6 62. Kg4 f6=
1/2-1/2

[Event "Good_Move_Good_Mood #01"]
[Site "SchemingMind.com"]
[Date "2016.02.12"]
[Round "-"]
[White "kenneth m day"]
[Black "Holty"]
[Result "1-0"]
[WhiteCountry "USA"]
[BlackCountry "ENG"]
[WhiteElo "1699"]
[WhiteRD "51"]
[BlackElo "1819"]
[BlackRD "61"]
[GameID "395123"]

1. e4 e6 2. d4 d5 3. Nd2 Nf6 4. e5 Nfd7 5. Bd3 c5 6. c3 Nc6 7. Ne2 Qb6 8. Nf3 cxd4 9. cxd4 f6 10. O-O fxe5
11. Nxe5 Ndxe5 12. dxe5 Nxe5 13. Bc2 Bd6 14. Kh1 O-O 15. f4 Ng4 16. Rf3 Nf2+ 17. Rxf2 Qxf2 18. Bd2 b6 19. Be1 Qc5 20. Qd3 g6
21. Rc1 Qc7 22. Bg3 Bd7 23. Bb1 Qb7 24. f5 exf5 25. Bxd6 Rfc8 26. Rc3 Bc6 27. Nd4 Qd7 28. Bf4 Qe7 29. Rc1 Bb7 30. Rf1 Qd7
31. Re1 Re8 32. Rd1 Qe7 33. h3 Qb4 34. b3 Re1+ 35. Kh2 Rae8 36. Rxe1 Qxe1 37. Bc2 Qf2 38. Bg3 Qe3 39. Qxe3 Rxe3 40. Bf4 Re8
41. Nb5 Re2 42. Nd4 a6 43. Nxe2
1-0

[Event "Good_Move_Good_Mood #01"]
[Site "SchemingMind.com"]
[Date "2016.02.12"]
[Round "-"]
[White "Holty"]
[Black "kenneth m day"]
[Result "1/2-1/2"]
[WhiteCountry "ENG"]
[BlackCountry "USA"]
[WhiteElo "1819"]
[WhiteRD "61"]
[BlackElo "1699"]
[BlackRD "51"]
[GameID "395124"]

1. d4 d5 2. Nf3 Nf6 3. e3 Bg4 4. h3 Bf5 5. g4 Be4 6. Nbd2 h6 7. c4 e6 8. Nxe4 Nxe4 9. Nd2 Bb4 10. a3 Bxd2+
11. Bxd2 Qf6 12. Rh2 Nc6 13. Qe2 O-O-O 14. c5 e5 15. f3 Ng5 16. Rf2 Nxh3 17. Bxh3 Kb8 18. Bc3 Rhe8 19. O-O-O exd4 20. Qd3 dxc3
21. bxc3 Qe7 22. f4 Qxc5 23. Kd2 Qxa3 24. Ke2 Qc5 25. Rf3 Na5 26. Rb1 Nc4 27. Qd4 Qa5 28. Re1 Qb5 29. Kf2 Nb2 30. Bf1 Qc6
31. Rb1 Nc4 32. Kg3 Nd6 33. Ra1 Nb5 34. Bxb5 Qxb5 35. Qxa7+ Kc8 36. Qd4 f6 37. Rff1 Kd7 38. Rfb1 Qc6 39. Kf2 Qc4 40. Rxb7 Re4
41. Qxc4 Rxc4 42. Rd1 Kc8 43. Rb3 Rd6 44. Kf3 Kd7 45. Ke2 Ke6 46. Kd3 Re4 47. Rdb1 c5 48. Rb6 Ra4 49. Rxd6+ Kxd6 50. Rb7 g6
51. Rh7 h5 52. gxh5 gxh5 53. Rxh5 Ke6=
1/2-1/2